000
00321nam a22001337a 4500
003
SGT
020
_a
978-0-19-856899-5
082
_a
612.826
_b
E07M
100
_a
MCGRATH, JOANNA C.
245
_a
ETHICAL PRACTICE IN BRAIN INJURY REHABILITATION
260
_a
NEW YORK
_b
OXFORD
_c
2007
300
_a
182
942
_2
ddc
_c
BK
999
_c
15430
_d
15430